| 000 | 00849cam a22002775a 4500 | ||
|---|---|---|---|
| 001 | 1670401 | ||
| 005 | 20240818093029.0 | ||
| 008 | 980527t2017 nyua fr 001 0 eng d | ||
| 020 | _a9780553109535 | ||
| 040 |
_aDLC _cDLC _dDLC _dEG-ScBUE _beng |
||
| 082 | 0 | 4 |
_222 _a523.1 _bHAW |
| 100 | 1 |
_aHawking, Stephen, _d1942- |
|
| 245 | 1 | 2 |
_aA brief history of time / _cStephen Hawking. |
| 250 | _aUpdated and expanded tenth anniversary ed. | ||
| 260 |
_aNew York : _bBantam Books, _cc.2017. |
||
| 300 |
_a223 p. : _bill. ; _c24 cm. |
||
| 500 | _aIncludes index. | ||
| 650 | 7 |
_aCosmology. _2BUEsh _937498 |
|
| 651 | _2BUEsh | ||
| 653 |
_bGGEN _cDecember2017 _dBestSellers |
||
| 655 |
_vReading book _934232 |
||
| 942 |
_2ddc _hRDA-MOD |
||
| 999 |
_c25803 _d25775 |
||
| 336 |
_2rdacontent _atext _btxt |
||
| 337 |
_aunmediated _2rdamedia _bn |
||
| 338 |
_avolume _bnc _2rdacarrier |
||